000 00463nam a2200181Ia 4500
005 20250603145121.0
008 250603s9999 xx 000 0 und d
020 _a9786204954424
050 _aKP 104 .A25 .B3/
100 _aBarnabas, Sylvanus Gbendazhi
245 0 _aIndigenous Peoples’ Land Rights in Africa
260 _aMaldova
260 _bLAP Lambert Academic Publishing
260 _c2022
300 _a293 p
650 _aMaldova
942 _cBK
999 _c40922
_d40922